02375 2200217 4500001002100000005001500021035002000036008004100056245005600097100001800153260003300171300002300204084001700227520184400244082001102088650001002099600001502109990001102124990001102135990001102146INLIS00000000000388720220518100536 a0010-0621003487220518 g 0 ind 1 aTuntunan Rumah Tangga Muslim Dan Keluarga Berencana1 aLeter, Bgd. M aPadang :bAksara Raya,c1985 a249 hlm. ;c21 cm. a297.06 LET t aTUNTUNAN RUMAH TANGGA MUSLIM DAN KELUARGA BERENCANA Buku ini dapat memenuhi keinginan serta menjawab tantangan dari problema yang dihadapi oleh setiap rumah tangga muslim, sebagai kunci pembangunan bangsa, negara dan agama. Keluarga Berencana bagi umat Islam Indonesia hukan saja merupakan program nasional dalam kerangka pemhangunan, namun mempunyai arti yang lebih dalam dan bermakna, sebagai upaya untuk meningkatkan kavalitas umat clan mutu hangsa, sesuai dengan tuntutan ajaran agama Islam. Hanya bangsa yang kuatlah yang mampu membangun bangsa yang besar. Kuat imannya, mantap ibadahnya, tinggi ilmunya, mau bekerja keras, membanting tulang dan berkucur keringat, mempunyai akhlak dan budi pekerti yang tinggi dan luhur. Tidak ada suatu bangsa yang mencapai kejayaan, kecuali apabila bangsa itu menghayati suatu keyakinan, dan keyakinan itu mempunyai dimensi moral yang dapat menghidup suburkan peradahan yang besar. Emansipasi yang telah membawa kaum wanita Indonesia berpacu dan mendapat tempat yang sejajar dengan kaum pria, telah memberi peluang dan kesempatan untuk ikut berperan serta mencempungi terminal lapangan kerja dalam kegiatan, baik dilembaga-lembaga pemerintahan maupun swasta dan kemasyarakatan sebagai guru, karyawati dari pegawai instansi pemerintahan dan swasta, maupun selaku Pejabat dan penanggung jawab unit-unit kerja. Disamping itu tak kurang pula wanita indonesia menjadi politisi, selaku anggota ABRI, berperan sebagai ilmiawan dan teknokrat dalam berbagai profesi dan keahlian. Kesemuanya itu akan mempengaruhi wanita Indonesia selaku ibu rumah tangga dan wanita karir. Insva Allah dengan buku kecil ini dapat memberi bimbingan sekedarnya kepada kaum muslimin Indonesia dalam membina rumah tangga rumah tangga dan pelaksanaan keluarga berencana untuk mewujudkan rumah tangga bahagia dan sejahtera. (libra) a297.06 4aIslam 4aPerkawinan a009859 a009860 a009861